Top 10 Least Democratic African Countries - Statistics

General Stats
  • This quiz has been taken 328 times
  • The average score is 6 of 10
Answer Stats
Score Country Growth % Correct
1.13 D.R. Congo
89%
1.55 Chad - 0.06
74%
2.54 Sudan - 0.16
72%
1.32 Central African Republic
71%
1.95 Libya - 0.07
69%
2.15 Eritrea - 0.22
58%
2.14 Burundi - 0.01
36%
2.71 Djibouti - 0.06
36%
1.92 Equatorial Guinea
35%
2.63 Guinea-Bissau
23%
No matching quizzes found
Score Distribution
Percent of People with Each Score
Percentile by Number Answered
Your Score History
You have not taken this quiz